| 000 | 00000nam##2200000za#4500 |
| 001 | 9.577383 |
| 003 | CaOODSP |
| 005 | 20210624185603 |
| 007 | cr ||||||||||| |
| 008 | 150406|2009||||xxc|||||o f|0| 0 eng|d |
| 040 | |aCaOODSP|beng |
| 043 | |an-cn--- |
| 086 | 1 |aFA1-2/2009-0E-PDF |
| 110 | 1 |aCanada. |bOffice of the Auditor General. |
| 245 | 10|aStatus report of the Commissioner of the Environment and Sustainable Development to the House of Commons : |h[electronic resource]|bMessage from the Commissioner ; Chapter 1, Safety of drinking water ; Chapter 2, Air quality health index - Health Canada and Environment Canada |
| 260 | |bOffice of the Auditor General of Canada |c31 March 2009. |
| 300 | |a12, 30, 26p.|bfig., graph, tables, photographs |
| 490 | 1 |aStatus report of the Commissioner of the Environment and Sustainable Development to the House of Commons |
| 500 | |aIn 3 PDF files. The catalogue number (FA1-2/2009-0E) and ISBN (978-1-100-11830-7) for the print edition have been incorrectly copied in this electronic publication. |
| 590 | |a13-20-Supp|b2013-08-30 |
| 775 | 08|tLe point - rapport du commissaire à l'environnement et au développement durable à la Chambre des communes : |w(CaOODSP)9.606065 |
| 830 | #0|aStatus report of the Commissioner of the Environment and Sustainable Development to the House of Commons.|w(CaOODSP)9.505378 |
| 856 | 40|ahttp://publications.gc.ca|qPDF|s338 KB|uhttps://publications.gc.ca/collections/collection_2009/bvg-oag/FA1-2-2009-0-0E.pdf |
| 856 | 40|ahttp://publications.gc.ca|qPDF|s373 KB|uhttps://publications.gc.ca/collections/collection_2009/bvg-oag/FA1-2-2009-0-1E.pdf |
| 856 | 40|ahttp://publications.gc.ca|qPDF|s208 KB|uhttps://publications.gc.ca/collections/collection_2009/bvg-oag/FA1-2-2009-0-2E.pdf |